000 00587nam a2200193Ia 4500
999 _c35068
_d35068
003 OSt
005 20200220155108.0
008 190216s9999||||xx |||||||||||||| ||und||
020 _a9788171300938
040 _coclc
082 _a954.04
_bCOL/S
100 1 _aCollins, Larry
_9135
245 0 _aSwathanthryam Ardharathriyil = Freedom at midnight/
_cDominique Lapierre ; Larry Collins
260 _bDc Books,
_c2006.
_aKottayam:
300 _a535p
650 _aPolitics
700 1 _92043
_aLapierre, Dominique
942 _cBK
_2ddc
_h954.04
_iCOL/S
_k954.04
_mCOL/S